| 000 | 00614nam a2200205 i 4500 | ||
|---|---|---|---|
| 001 | 30388 | ||
| 003 | ES-MaACL | ||
| 005 | 20230906154203.0 | ||
| 007 | t| | ||
| 008 | 030124s1946 ag ||||1| spa d | ||
| 100 | 1 |
_aBausero, Luis. _926613 |
|
| 245 | 1 | 0 |
_aSelección de poesías / _cLuis Bausero, A. García V. Paladini. |
| 260 |
_aBuenos Aires : _bLe Connasieur, _c1946 ( _fTasca y Cia) |
||
| 300 |
_a44 p. ; _c28 cm. |
||
| 490 | 1 | _aFuente inagotable | |
| 700 | 1 |
_aGarcía V. Paladini, A. _955353 |
|
| 830 | 0 |
_aFuente inagotable _9229335 |
|
| 852 |
_aES-MaACL _j1813-F-20 _bR.22586 |
||
| 999 |
_c30388 _d30388 |
||